000 01478cam a22003131i 4500
003 SA-RiAUC
005 20250808163402.0
008 250806s2010 su f 00010 ara c
020 _a9786030036424
040 _aSA-JeALM
_bara
_cSA-RiAUC
_erda
082 0 4 _a252.59
_qSA-RiAUC
090 _a252.59
_bق ح ط
100 1 _aالقحطاني، سعيد بن علي بن وهف،
_d1372 هجري-
_eمؤلف.
245 1 0 _aرمي الجمرات في ضوء الكتاب والسنة وآثار الصحابة رضي الله عنهم /
_cسعيد علي وهف القحطاني ؛ تقديم صالح بن فوزان الفوزان، صالح محمد اللحيدان.
250 _aالطبعة الثانية.
264 1 _aالرياض :
_bوزارة الأوقاف والشؤون الإسلامية،
_c2009
300 _a82 صفحة ؛
_c24 سم
336 _aنص
_btxt
_2rdacontent
_3كتاب
337 _aبدون وسيط
_bn
_2rdamedia
338 _aمجلد
_bnc
_2rdacarrier
650 7 _aرمي الجمار (فقه إسلامي)
_2aucsh
650 7 _aرمي الجمار في القرآن
_2aucsh
650 7 _aرمي الجمار في الحديث
_2aucsh
700 1 _aالفوزان، صالح بن فوزان بن عبد الله،
_d1354 هجري-
_eمقدم.
700 1 _aاللحيدان، صالح بن محمد،
_d1350-1443 هجري
_eمقدم.
730 2 2 _aالقرآن
942 _2ddc
_cBOOK
_n0
949 _aSA-JeALM
_d250806
_umohamedma123
_n1
999 _c10676
_d10676